000
00326nam a22001457a 4500
008
210304b ||||| |||| 00| 0 eng d
020
_a
0816121230
041
_a
eng
080
_a
61
082
_a
61
100
_a
3
101
_a
SHM
245
_a
Quality of Care Assessment and Assurance
_c
Hirschorn. N
942
_2
udc
_c
BK
999
_c
55743
_d
55743